000 00557nam a22001697a 4500
005 20251108163337.0
008 250721s1995 xx 000 0 ara d
082 1 4 _a001.5/إصب
100 1 _aأبو أصبع، صالح
245 1 0 _aالإتصال و الإعلام في المجتمعات المعاصره /
264 1 _aعمان :
_bدار ارام للدراسات والنشر والتوزيع،
_c1995.
300 _a275ص.
650 1 7 _aالإعلام
650 1 7 _aوسائل الإتصال الجماهيري
942 _2ddc
_cBK
999 _c320
_d320